LEADER 01112nam1 2200385 450 001 990003117990203316 005 20080611155320.0 035 $a000311799 035 $aUSA01000311799 035 $a(ALEPH)000311799USA01 035 $a000311799 100 $a20080611d--------km-y0itay50------ba 101 $afre 102 $aFR 105 $a||||||||001yy 200 1 $a<> Registres$fJacques Copeau$gpublies sous la direction de Marie Hélène Daste 210 $a[Paris]$cGallimard 215 $av.$d21 cm 225 2 $aPratique du théâtre 410 0$12001$aPratique du théâtre 454 1$12001 461 1$1001-------$12001 463 \1$1001990003118440203316$12001 $a<<3.>> : <> Registres du Vieux Colombier$epremière partie 606 0 $aTeatro$xStudi 676 $a792.01 700 1$aCOPEAU,$bJacques$0170983 702 1$aDASTE,$bMarie Hélène 801 0$aIT$bsalbc$gISBD 912 $a990003117990203316 951 $aII.4.A.$bDSLL 959 $aBK 969 $aDSLL 979 $aDSLL$b90$c20080611$lUSA01$h1553 996 $aRegistres$9900667 997 $aUNISA LEADER 01389nam--2200409---450 001 990000721170203316 005 20180219095450.0 035 $a0072117 035 $aUSA010072117 035 $a(ALEPH)000072117USA01 035 $a0072117 100 $a20011107d1987----km-y0itay0103----ba 101 $aita 102 $aIT 105 $a||||||||001yy 200 1 $a<> pergamene dell'Archivio vescovile di Minori$fa cura di Vincenzo Criscuolo 210 $aAmalfi$cpresso la sede del Centro$d1987 215 $a577 p$d24 cm$eerr. corrig. 225 2 $aFonti$fCentro di cultura e storia amalfitana$v5 410 $12001$aFonti$fCentro di cultura e storia amalfitana$v5 606 0 $aPergamene$xCollezioni [degli] Archivi diocesani$yMinori$2BNCF 606 0 $aPergamene$xCollezioni [degli] Archivi diocesani$yAmalfi [e] Ravello$2BNCF 676 $a016.2824574 702 1$aCRISCUOLO,$bVincenzo 801 0$aIT$bsalbc$gISBD 912 $a990000721170203316 951 $aXV.1.A. 587(V G 564)$b131001 L.M.$cV G 951 $aIII.2. 19$bs.i.$cIII.2. 959 $aBK 969 $aLOCALE 969 $aDISPAC 979 $aPATTY$b90$c20011107$lUSA01$h1136 979 $c20020403$lUSA01$h1720 979 $aPATRY$b90$c20040406$lUSA01$h1650 979 $aCOPAT1$b90$c20051121$lUSA01$h1200 996 $aPergamene dell'Archivio vescovile di Minori$9962675 997 $aUNISA